000 00690pam a2200217 a 4500
001 4818632
005 20231124055303.0
008 890412s1990 nyuaf b 001 0 eng
020 _a0195050770 (alk. paper)
040 _aDLC
_cDLC
_dDLC
082 0 0 _a331.4/0973
_220
_bCLA.
100 1 _aGoldin, Claudia Dale.
245 1 0 _aUnderstanding the gender gap :
_ban economic history of American women /
_cClaudia Goldin.
260 _aNew York :
_bOxford University Press,
_c1990.
300 _axviii, 287 p.
500 _aIncludes index.
650 0 _aWomen
650 0 _aSex discrimination in employment
856 4 2 _uhttp://www.loc.gov/catdir/enhancements/fy0635/89033502-d.html
942 _cL
999 _c78
_d78